000 00463nam a22001577a 4500
005 20251108172007.0
008 250721s1988 xx 000 0 ara d
082 1 4 _a811.6/حسي
100 1 _aعطوان، حسين
245 1 0 _aالشعراء الصعاليك في العصر العباسي الأول /
264 1 _aبيروت :
_bدار الجيل،
_c1988.
300 _a176ص
650 1 7 _aالشعر العربي
942 _2ddc
_cBK
999 _c67796
_d67796